000 01022nam a2200265Ia 4500
003 OSt
005 20221005110640.0
006 a|||||r|||| 00| 0
007 ta
008 221004b |||||||| |||| 00| 0 hin d
024 _a32719
037 _cTextual
040 _aCRL
_cCRL
_bhin
041 _2hin
_ahin
082 _aO152,3v, Q1
100 _aराय, गोपाल
245 0 _aहिन्दी कहानी का इतिहास 1900-1950
_b आख्यायिका से नयी कहानी तक
246 _aHindī kahānī kā itihās 1900-1950: ākhyāyikā se nayī kahānī taka
260 _aनई दिल्ली
_bराजकमल प्रकाशन प्रा. लिमिटेड भारत
_c2011
300 _a479पृ.
_ccm.
650 _a हिन्दी साहित्य
650 _aहिन्दी कहानी
942 _hO152,3v, Q1
_cTEXL
_2cc
999 _c1019464
_d1019464